Marcatori dell'Atalanta in UEFA Champions League 2020-2021 - Statistics

Statistiche generali
  • Questo quiz è stato fatto 12 volte
  • Il punteggio medio è 9 su 11
Statistiche sulle risposte
Partita Minuto Marcatore % Corretto
Midtjylland - Atalanta 0-4 26' Duván Zapata
100%
Atalanta - Ajax 2-2 54' Duván Zapata
100%
Atalanta - Ajax 2-2 60' Duván Zapata
100%
Midtjylland - Atalanta 0-4 42' Luis Muriel
100%
Ajax - Atalanta 0-1 85' Luis Muriel
100%
Real Madrid - Atalanta 3-1 83' Luis Muriel
100%
Liverpool - Atalanta 0-2 60' Josip Iličić
92%
Liverpool - Atalanta 0-2 64' Robin Gosens
92%
Midtjylland - Atalanta 0-4 36' Alejandro Gómez
75%
Atalanta - Midtjylland 1-1 79' Cristian Romero
42%
Midtjylland - Atalanta 0-4 89' Aleksej Mirančuk
8%
Nessun quiz corrispondente trovato
Distribuzione punteggi
Percentuale di utenti per punteggio
Percentile per numero di risposta
I tuoi punteggi nel tempo
Non hai fatto questo quiz